logo

Bir Sreshtho Munshi Abdur Rouf Library
Jhenaidah Cadet College

Show your work! : (Record no. 14228)

MARC details
000 -LEADER
fixed length control field 00630nam a2200229 a 4500
001 - CONTROL NUMBER
JCCL Control Number 14228
003 - CONTROL NUMBER IDENTIFIER
JCCL marc code BD-JhCC
005 - DATE AND TIME OF LATEST TRANSACTION
control field 20250213122713.0
008 - FIXED-LENGTH DATA ELEMENTS--GENERAL INFORMATION
fixed length control field 250209b 2014E a|||| ||a| 000 0 eng d
020 ## - INTERNATIONAL STANDARD BOOK NUMBER
International Standard Book Number 0606356398
035 ## - SYSTEM CONTROL NUMBER
system control number (BD-JhCC)14228
040 ## - CATALOGING SOURCE
Original cataloging agency BD-JhCC
Modifying agency BD-JhCC
041 ## - LANGUAGE CODE
Language code of Book english
082 ## - DEWEY DECIMAL CLASSIFICATION NUMBER
Classification number 650.1
Author mark and Year KLE 2014
100 ## - MAIN ENTRY--PERSONAL NAME
Personal name Kleon,Austin
245 ## - TITLE STATEMENT
Title Show your work! :
Remainder of title 10 ways to share your creativity and get discovered /
Statement of responsibility, etc Austin Kleon.
260 ## - PUBLICATION, DISTRIBUTION, ETC. (IMPRINT)
Place of publication, distribution, etc London:
Name of publisher, distributor, etc Workman Publishing Company;
Date of publication, distribution, etc 2014.
300 ## - PHYSICAL DESCRIPTION
Pagination 175 p .
Dimensions 21 cm.
650 ## - SUBJECT ADDED ENTRY--TOPICAL TERM
Topical term or geographic name as entry element Business networks
942 ## - ADDED ENTRY ELEMENTS (KOHA)
Source of classification or shelving scheme Dewey Decimal Classification
Koha item type Books
Holdings
Source of classification or shelving scheme Damaged status Not for loan Home library Current library Shelving location Date of accession Source of acquisition Cost, normal purchase price Total Checkouts Full call number Barcode Checked out Date last seen Date checked out Copy number Method of acquisition Koha item type Currency
Dewey Decimal Classification     JCC Rouf Library JCC Rouf Library General Stacks   With the compliments of Maj (Retd) Syed Sakhawat Hussain,07/0388/K 100.00 5 650.1 KLE 2014 19907 12/07/2025 11/12/2025 11/12/2025 C-1 Gift/Donation Books BDT
Dewey Decimal Classification     JCC Rouf Library JCC Rouf Library General Stacks   With the compliments of Maj (Retd) Syed Sakhawat Hussain,07/0388/K 100.00   650.1 KLE 2014 19908   02/13/2025   C-2 Gift/Donation Books BDT

JCC Library | Contacts | JCC Home

Last Update on 23 September 2017
Copyright @ 2017-2020 JCC Rouf Library
Rouf Library, Jhenidah Cadet College (JCC), Bangladesh